Statistiken für Alle Minderheiten Belgiens

Klicken Sie hier um das Quiz zu spielen!

Allgemein

  • Dieses Quiz wurde 40 mal gespielt
  • Das Durchschnittsergebnis liegt bei 21 aus 30

Antwortstatistiken

BevölkerungLand% Korrekt
50,772Deutschland
100%
217,200Frankreich
100%
190,271Niederlande
94%
29,504Vereinigtes Königreich
91%
13,820USA
89%
78,745Spanien
86%
35,626Syrien
86%
22,283China
83%
278,877Italien
83%
62,059Russland
83%
340,359Marokko
80%
161,581Türkei
80%
97,183Polen
77%
54,719Portugal
77%
20,882Irak
74%
27,267Indien
71%
31,956Algerien
69%
15,158Brasilien
69%
20,921Tunesien
69%
65,687Demokratische Republik Kongo
66%
12,891Iran
66%
46,876Bulgarien
63%
28,643Griechenland
63%
25,727Afghanistan
60%
120,929Rumänien
60%
14,580Pakistan
57%
12,641Albanien
34%
24,267Kamerun
17%
19,244Guinea
14%
14,729Ruanda
14%

Verteilung der Resultate

Perzentil nach korrekt beantworteten Fragen

Anzahl Personen mit jedem Resultat

Ihre Resultats-Entwicklung

Sie haben dieses Quiz noch nicht gespielt